|
|
|
|
| LEADER |
00000cam a2200000 7i4500 |
| 001 |
0000000154 |
| 005 |
20000717.0 |
| 020 |
0 |
0 |
|a 9830681203
|
| 090 |
0 |
0 |
|a 909.097671
|b QAR 1998
|
| 100 |
1 |
0 |
|a QARADAWI
|h Yusuf
|
| 245 |
1 |
0 |
|a Islam teras tamadun masa depan
|c Yusuf al-Qaradawi; penterjemah Arsil Ibrahim; penyunting Mohd Sidin Ahmad Ishak
|
| 260 |
0 |
0 |
|a Kuala Lumpur :
|b ITNM ,
|c 1998
|
| 300 |
|
|
|a xvi, 295 p. ;
|c 23 cm.
|
| 650 |
0 |
0 |
|a Civilization, Islamic
|
| 650 |
0 |
0 |
|a Civilization, modern
|
| 700 |
0 |
1 |
|a Arsil Ibrahim
|
| 700 |
0 |
1 |
|a Mohd Sidin Ahmad Ishak
|
| 999 |
|
|
|a 0000001340
|b Monograph
|c Open Shelf
|e Default branch
|